000
00273nam a2200109Ia 4500
008
190216s9999||||xx |||||||||||||| ||und||
100
_a
Sreesaran
245
0
_a
Hindi-Mitti Kutti Ka Kam Aur Uske Sidanth
260
_b
Janayan Prakashan
_c
2003
650
_a
Hindi
942
_c
BK
999
_c
15386
_d
15386